Fundamentals of automation and remote control / (Record no. 15012)
[ view plain ]
| 000 -LEADER | |
|---|---|
| fixed length control field | 01127nam a2200289 a 4500 |
| 001 - CONTROL NUMBER | |
| control field | 15012 |
| 003 - CONTROL NUMBER IDENTIFIER | |
| rucl marc code | BD-RjUL |
| 005 - DATE AND TIME OF LATEST TRANSACTION | |
| control field | 20211208235732.0 |
| 008 - FIXED-LENGTH DATA ELEMENTS--GENERAL INFORMATION | |
| fixed length control field | 140209s1966 enka b 001 0 eng d |
| 035 ## - SYSTEM CONTROL NUMBER | |
| System control number | (BD-RjUL)15066 |
| 040 ## - CATALOGING SOURCE | |
| Original cataloging agency | DLC |
| Transcribing agency | FMU |
| Modifying agency | DLC |
| -- | BD-RjUL |
| Language of cataloging | eng |
| 041 1# - LANGUAGE CODE | |
| Language code of text/sound track or separate title | eng |
| 082 ## - DEWEY DECIMAL CLASSIFICATION NUMBER | |
| Classification number | 629.8 |
| Author mark and year | GIF 1966 |
| Edition number | 23 |
| 100 1# - MAIN ENTRY--PERSONAL NAME | |
| Personal name | Ginzburg, S. A. |
| 9 (RLIN) | 46724 |
| 245 10 - TITLE STATEMENT | |
| Title | Fundamentals of automation and remote control / |
| Statement of responsibility, etc. | S. A. Ginzburg, I. Ya. Lekhtman, and V. S. Malov ; Translated by R. Farkas and J. J. Schorr-Kon. English translation edited by J. M. Howl. |
| 250 ## - EDITION STATEMENT | |
| Edition statement | 1st English ed. |
| 260 ## - PUBLICATION, DISTRIBUTION, ETC. (IMPRINT) | |
| Place of publication, distribution, etc. | Oxford : |
| -- | New York : |
| Name of publisher, distributor, etc. | Pergamon Press, |
| Date of publication, distribution, etc. | 1966. |
| 300 ## - PHYSICAL DESCRIPTION | |
| Pagination | xiv, 498 p. : |
| Illustrations | ill. ; |
| Size | 22 cm. |
| 490 0# - SERIES STATEMENT | |
| Series statement | International series of monographs in automation and automatic control ; |
| Volume/sequential designation | v. 7 |
| 504 ## - BIBLIOGRAPHY, ETC. NOTE | |
| Bibliography, etc | Includes Bibilography |
| 650 #0 - SUBJECT ADDED ENTRY--TOPICAL TERM | |
| Topical term or geographic name as entry element | Automatic control. |
| 9 (RLIN) | 46725 |
| Topical term or geographic name as entry element | Remote control. |
| 9 (RLIN) | 43258 |
| 700 1# - ADDED ENTRY--PERSONAL NAME | |
| Personal name | Lekhtman, Izrailʹ I︠A︡kovlevich. |
| Personal name | Malov, V. S. |
| 830 ## - SERIES ADDED ENTRY--UNIFORM TITLE | |
| Uniform title | International series of monographs in automation and automatic control ; |
| Volume number/sequential designation | v. 7 |
| 942 ## - ADDED ENTRY ELEMENTS (KOHA) | |
| Source of classification or shelving scheme | Dewey Decimal Classification |
| Koha item type | Books |
| Lost status | Source of classification or shelving scheme | Damaged status | Not for loan | Collection code | Permanent Location | Current Location | Shelving location | Date acquired | Source of acquisition | Cost, normal purchase price | Total Checkouts | Full call number | Date last seen | Copy number | Koha item type |
|---|---|---|---|---|---|---|---|---|---|---|---|---|---|---|---|
| Dewey Decimal Classification | Non-fiction | Central Library, University of Rajshahi | Central Library, University of Rajshahi | 05/10/1970 | Sweels & Zeitlinger | 116.00 | 629.8 GIF 1966 | 09/02/2014 | C-2 | Books | |||||
| Dewey Decimal Classification | Not For Loan | Non-fiction | Central Library, University of Rajshahi | Central Library, University of Rajshahi | Reading Room | 08/12/2021 | Sweets & Zeithinger | 116.00 | 629.8 GIF 1966 | 30/05/2017 | C-1 | Books | |||
| Dewey Decimal Classification | Non-fiction | Central Library, University of Rajshahi | Central Library, University of Rajshahi | 08/12/2021 | Sweets & Zeithinger | 116.00 | 629.8 GIF 1966 | 30/05/2017 | C-3 | Books | |||||
| Dewey Decimal Classification | Non-fiction | Central Library, University of Rajshahi | Central Library, University of Rajshahi | 08/12/2021 | Sweets & Zeithinger | 116.00 | 629.8 GIF 1966 | 30/05/2017 | C-4 | Books |